000 00486nam a2200169 i 4500
001 78554
003 ES-MaACL
005 20250205063040.0
007 t|
008 041014s1948 sp ||||1| spa d
100 1 _aHalcón, Manuel,
_dca. 1900-1989
_961522
245 1 0 _aCuentos /
_cManuel Halcón.
260 _aMadrid :
_bM. Aguilar,
_c[1948] (
_fSucs. de Rivadeneyra)
300 _a213 p. ;
_c18 cm.
852 _aES-MaACL
_jB-7566
_bR.28762
999 _c78554
_d78554